|
|
|
|
| LEADER |
00000nam0a2200000 4500 |
| 001 |
40667 |
| 005 |
20231031013215.0 |
| 010 |
|
|
|a 5823500742
|
| 035 |
|
|
|a (RuTPU)RU\TPU\book\41727
|
| 090 |
|
|
|a 40667
|
| 100 |
|
|
|a 20020521d2002 m y0rusy50 ca
|
| 101 |
0 |
|
|a rus
|
| 102 |
|
|
|a RU
|
| 105 |
|
|
|a y z 001zy
|
| 200 |
1 |
|
|a Проблемы устойчивого социально-экономического развития муниципальных образований и пути их решения
|f П. Г. Цицин
|
| 210 |
|
|
|a Москва
|c Новый век
|d 2002
|
| 215 |
|
|
|a 364 с.
|c ил.
|
| 225 |
1 |
|
|a Экономика современной России
|
| 320 |
|
|
|a Библиогр.: с. 358-363.
|
| 610 |
1 |
|
|a экономика
|
| 610 |
1 |
|
|a право
|
| 610 |
1 |
|
|a социально-экономические процессы
|
| 610 |
1 |
|
|a развитие
|
| 610 |
1 |
|
|a муниципальное управление
|
| 610 |
1 |
|
|a муниципальное хозяйство
|
| 610 |
1 |
|
|a муниципальное образование
|
| 610 |
1 |
|
|a муниципальное право
|
| 610 |
1 |
|
|a местное самоуправление
|
| 610 |
1 |
|
|a планирование
|
| 610 |
1 |
|
|a Российская Федерация
|
| 686 |
|
|
|a У9(2)0
|v LBC/SL-A
|2 rubbk
|
| 686 |
|
|
|a Х620.612
|v LBC/SL-A
|2 rubbk
|
| 700 |
|
1 |
|a Цицин
|b П. Г.
|g Петр Георгиевич
|
| 801 |
|
1 |
|a RU
|b 63413507
|c 20020521
|g PSBO
|
| 801 |
|
2 |
|a RU
|b 63413507
|c 20160224
|g PSBO
|
| 942 |
|
|
|c BK
|